00965nam a22002177a 450000500170000000800410001702000180005804000070007604100120008308200230009510000190011824500320013726000560016930000260022536500550025152003640030665000170067065000160068765000230070370000210072620240111110926.0240111b ||||| |||| 00| 0 eng d a9789358893281 cAL aEnglish 223a001.6402bAGAS aAmit M Agarwal aStudy Package MCA Entrances aNew DelhibArihant Publications India Limitedc2023 a1231p.bPBc27x21 cm. a7118b₹1000.00c₹d₹1250.00e20%f08-01-2024 aComplete Self Study Guide for all those appearing for different MCA Entrances in India. Covers the syllabus in 5 Major Sections. Solved Papers (2016-2023) Table of Contents: Section I- Mathematics, Section II- Analytical & Logical Ability, Section III- Computer Awareness, Section IV- Quantitative Ability, Section V- General English, NIMCET, BHU MCA, JNU MCA aMCA Entrance aMathematics aComputer Awareness aAGARWAL (Amit M)